In machina : una exploración de máquinas para pensar una arquitectura
Salvato in:
| Autore principale: | |
|---|---|
| Altri autori: | |
| Natura: | Sconosciuto |
| Lingua: | Spanish |
| Pubblicazione: |
San José, Costa Rica
2017
|
| Soggetti: | |
| Tags: |
Aggiungi Tag
Nessun Tag, puoi essere il primo ad aggiungerne!!
|
MARC
| LEADER | 00000 a2200000 4500 | ||
|---|---|---|---|
| 003 | EA0193 | ||
| 005 | 20230228104850.0 | ||
| 008 | 140114s2017 cr a 000 ||spa d | ||
| 040 | |c cru CEDI | ||
| 090 | |a TFG EA-193 | ||
| 100 | |a Chaverri Peralta, Felipe |9 20383 | ||
| 245 | |a In machina : una exploración de máquinas para pensar una arquitectura | ||
| 260 | |a San José, Costa Rica |c 2017 | ||
| 500 | |a Tesis (licenciatura en arquitectura)--Universidad de Costa Rica. Facultad de Ingeniería. Escuela de Arquitectura | ||
| 501 | |a Director de Tesis de Graduación: Dr. Jafet Segura Amador | ||
| 650 | |9 20384 |x DIBUJO ARQUITECTONICO |x AQUINAS HERRAMIENTAS |x AQUINAS HERRAMIENTAS |x DISEÑO ARQUITECTONICO |x ARQUITECTURA | ||
| 700 | |9 67 |a Segura Amador, Jafet Guillermo, 1960- |d Director del TFG | ||
| 942 | |c CEDI | ||
| 999 | |c 11752 |d 11752 | ||
